000 00912nam0a22002531 4500
001 rc\2804977
005 20250806210236.0
035 _a(NLR Aleph) 006930929
090 _a16601
_c16601
100 _a20110915d1945 u y0rusy50 ca
101 0 _arus
102 _aRU
105 _aa z |||||
200 1 _aАвтомобили на сжиженном газе
_fК. И. Генкин, канд. техн. наук
210 _aМосква
_aСвердловск
_cМашгиз
_d1945
_eМосква
_gОбразцовая тип. и тип. Упр. делами СНК СССР
215 _a68 с.
_cил., черт.
_d21 см.
700 1 _aГенкин
_bК.И.
_gКарп Исаакович
801 0 _aRU
_bNLR
_gpsbo
801 1 _aRU
_bELAR
_2rusmarc
852 _aNLR
_jТ86 Г-6/96
942 _cBOOK
945 _aРоссийская национальная библиотека
980 _aNB
980 _aBV